LEARNING and teaching mathematics 0 - 8
Gespeichert in:
| Format: | Buch |
|---|---|
| Sprache: | Englisch |
| Veröffentlicht: |
SAGE
2014
|
| Tags: |
Tag hinzufügen
Keine Tags, Fügen Sie den ersten Tag hinzu!
|
MARC
| LEADER | 00000nam a22000007a 4500 | ||
|---|---|---|---|
| 008 | 201214b ||||| |||| 00| 0 eng d | ||
| 020 | |a 978-1-4462-5332-2 | ||
| 245 | |a LEARNING and teaching mathematics 0 - 8 |g xiii, 264p.; ill. |c edited by Helen Taylor and Andrew Harris | ||
| 250 | |c Taylor, Helen | ||
| 260 | |b SAGE |c 2014 |h Los Angeles |i 692374 |i 692375 |l QA135.6 .L47 |m Mathematics – Study and teaching (Elementary) |m Mathematics – Study and teaching (Middle school) | ||
| 500 | |a “It includes bibliographical references and index”. | ||
| 942 | |a lcc |c BK |e O.A.JOHNSON |f 14/12/20 | ||
| 952 | |0 0 |1 0 |2 lcc |4 0 |6 QA01356 L47 |7 0 |9 421 |a HOL |b ED |c QZ |d 2020-12-14 |l 0 |o QA135.6 .L47 |p 2020-2152 |r 2020-12-14 00:00:00 |w 2020-12-14 |y BK | ||
| 952 | |0 0 |1 0 |2 lcc |4 0 |6 QA01356 L47 |7 0 |9 422 |a HOL |b HOL |c QZ |d 2020-12-14 |l 0 |o QA135.6 .L47 |p 2020-2153 |r 2020-12-14 00:00:00 |w 2020-12-14 |y BK | ||
| 999 | |c 210 |d 210 | ||